Personality development (Record no. 6776)

MARC details
000 -LEADER
fixed length control field 00782 a2200205 4500
005 - DATE AND TIME OF LATEST TRANSACTION
control field 20080908153221.0
008 - FIXED-LENGTH DATA ELEMENTS--GENERAL INFORMATION
fixed length control field 080908t xxu||||| |||| 00| 0 eng d
010 ## - LIBRARY OF CONGRESS CONTROL NUMBER
LC control number ENG-87672
020 ## - INTERNATIONAL STANDARD BOOK NUMBER
International Standard Book Number 8182471451
Terms of availability 395.00
035 ## - SYSTEM CONTROL NUMBER
System control number EN-71205
037 ## - SOURCE OF ACQUISITION
Source of stock number/acquisition DBAD / PUB
082 ## - DEWEY DECIMAL CLASSIFICATION NUMBER
Classification number 155.25
100 ## - MAIN ENTRY--PERSONAL NAME
Personal name Cheema, D.S.
245 ## - TITLE STATEMENT
Title Personality development
Remainder of title mastering soft skills
Statement of responsibility, etc by D.S. Cheema
260 ## - PUBLICATION, DISTRIBUTION, ETC. (IMPRINT)
Place of publication, distribution, etc Chandigarh
Name of publisher, distributor, etc Abhishek Publications
Date of publication, distribution, etc 2007
270 ## - ADDRESS
Address SCO 49-51, Sector-17 C, Chandigarh
City Chandigarh
Postal code 160 017
300 ## - PHYSICAL DESCRIPTION
Extent 217 p.
Dimensions 22 cm ( Hb.)
942 ## - ADDED ENTRY ELEMENTS (KOHA)
Institution code [OBSOLETE] dpl
Koha item type English Books
Call number prefix 155.25/CHE
Source of classification or shelving scheme Dewey Decimal Classification
Classification part 155.25
Call number suffix CHE
Holdings
Withdrawn status Lost status Damaged status Not for loan Collection code Home library Current library Date acquired Cost, normal purchase price Total Checkouts Full call number Barcode Date last seen Copy number Uniform Resource Identifier Cost, replacement price Price effective from Koha item type
      Not For Loan Non-fiction D.B.Act.Division D.B.Act.Division 08/09/2008 395.00   155.25 CHE EN-71205 15/09/2008 1 7279 395.00 15/09/2008 English Books

© Delhi Public Library
Hit Counter
free hit counter